| 000 | 00956cam a2200229 4500 | ||
|---|---|---|---|
| 001 | ABS65965 | ||
| 008 | 020920n2002 000 0 eng u | ||
| 035 | _a(Sirsi) u119763 | ||
| 100 | _aHill, S | ||
| 245 | _aCommunity land trusts - re-engineering the feudal system | ||
| 260 | _c2002 | ||
| 490 |
_aAxis _v July-August 2002, 10(1) |
||
| 520 | _aExamines Britain's unique system that allows the multiple enjoyment of diverse rights over the same piece of land, through leasehold and freehold tenures, rights in common land and common rights. Explains how Community land trusts retain the freehold for the benefit of the community and lease out the land and buildings to the occupier, and are rooted in the feudal system of land ownership. | ||
| 590 | _aABS | ||
| 650 | _aCOMMUNITY LAND TRUSTS | ||
| 650 | _aCLTS | ||
| 650 | _aFEUDAL SYSTEM | ||
| 650 | _aLEASEHOLD | ||
| 650 | _aFREEHOLD | ||
| 690 | _aLANDLORD AND TENANT-LEASES | ||
| 942 | _n0 | ||
| 999 |
_c71185 _d71185 |
||